| 000 | 00707nam a2200241 i 4500 | ||
|---|---|---|---|
| 001 | 9807 | ||
| 003 | ES-MaACL | ||
| 005 | 20230906145747.0 | ||
| 007 | t| | ||
| 008 | 940114s1992 sp ||||1| spa d | ||
| 020 | _a84-7848-452-3 | ||
| 080 | _a497/498 | ||
| 100 | 1 |
_aSuárez Roca, José Luis. _9108654 |
|
| 245 | 1 | 0 |
_aLingüística misionera española / _cJosé Luis Suárez Roca. |
| 260 |
_aOviedo : _bPentalfa, _c1992. |
||
| 300 |
_a324 p. ; _c21 cm. |
||
| 490 | 1 | _aColección El basilisco | |
| 504 | _aBibliografía: p.291-324. | ||
| 650 | 4 |
_aIndios de América- _xLenguas. _913671 |
|
| 830 | 0 |
_aColección El basilisco _9181724 |
|
| 852 |
_aES-MaACL _jL-17326 _bR.121946 |
||
| 999 |
_c9807 _d9807 |
||